Demon Slayer Ultimate Test - Statistics

General Stats
  • This quiz has been taken 1,418 times
  • The average score is 28 of 51
Answer Stats
Hint Answer % Correct
Water Hashira Giyu
94%
Flame Hashira Rengoku
94%
Wind Hashira Sanemi
91%
Love Hashira Mitsuri
90%
Sound Hashira Tengen
90%
Serpent Hashira Obanai
88%
Insect Hashira Shinobu
88%
Mist Hashira Muichiro
86%
Stone Hashira Gyomei
85%
Upper Moon 3 Akaza
81%
Breathing type of Upper moon 1 Moon
79%
Breathing type only a select few have Sun
78%
Upper Moon 2 Doma
76%
Upper Moon 6 Sister Daki
75%
Upper Moon 1 Kokushibo
74%
Tanjiro's Demon Sister Nezuko
72%
Upper Moon 6 Brother Gyutaro
69%
Boar Head Demon Slayer Inosuke
67%
Sleepy Demon Slayer Zenitsu
67%
Upper Moon 5 Gyokko
64%
Lower Moon 5 Rui
64%
Upper Moon 4 Hantengu
62%
Lower Moon 1 Enmu
60%
Name of the main villain Muzan
59%
Color of Tanjiros sword Black
52%
Substitute Upper Moon 4 Nakime
50%
Tanjiro's Father Tanjuro
50%
Tanjiro's Mother Kie
45%
Helped Tanjiro cut the boulder Sabito
44%
Breathing type only a select few have Beast
43%
Substitute Upper Moon 5 Kaigaku
43%
Name of the Type of Swords Demon Slayers use Nichirin
41%
(Retired) Thunder hashira Jigoro
40%
Said To be the Greatest Demon Slayer Ever Yoriichi
40%
Type of flower That Keeps Demons Away Wisteria
36%
Breathing type only a select few have Flower
35%
Helped Tanjiro cut the boulder Makomo
34%
Type of Dance Tanjiro's Dad used Hinokami Kagura
32%
New Demon Slayer Introduced in Mount Natagumo Arc Murata
32%
False 12 Kizuki (girl) Susamaru
31%
Demon Art of Nezuko Blood
30%
Time Era The show is set in Taisho
29%
Tanjiro's Youngest sister Hanako
28%
False 12 Kizuki (Boy) Yahaba
28%
Tanjiro's Youngest Brother Rokuta
27%
Type of flower The main villain is after Spider Lily
26%
One of Tanjiro's Younger Brothers Takeo
23%
Demon Art of False 12 Kizuki (Boy) Arrow
20%
One of Tanjiro's Younger Brothers Shigeru
20%
Demon Art of False 12 Kizuki (Girl) Temari
14%
Breathing type of Substitute Upper moon 5 Dark Thunder
10%
No matching quizzes found
Score Distribution
Percent of People with Each Score
Percentile by Number Answered
Your Score History
You have not taken this quiz